000 00545nam a22001817a 4500
999 _c2027
_d2027
003 SLTCLib
008 260610b ce ||||| |||| 00| 0 eng d
020 _a9781628258295
041 _aEnglish
080 _a005.8
_bSTA
245 _aThe Standard for Project Management and A Guide to the project Management Body of knowledge
250 _a8th ed.
260 _bProject Management Institute
_c2025
300 _a294p.
650 0 _92111
_a Project management
942 _2ddc
_cMRE
945 _a3725
_bIshara wickramage
_c4470
_dRashmi WASANA